Análisis sobre el control del agua dura en la planta generadora de electricidad de Moín, provincia de Limón / Gilberto Montero Estrada

保存先:
書誌詳細
第一著者: Montero Estrada, Gilberto
フォーマット: 不明
出版事項: [San José, Costa Rica] 1981
主題:
タグ: タグ追加
タグなし, このレコードへの初めてのタグを付けませんか!

MARC

LEADER 00000 a2200000 4500
003 001603
005 20221231143742.0
008 140114s1981 c a m 000 ||s d
040 |c cru CEDI 
090 |a TFG 998 
100 |a Montero Estrada, Gilberto  |9 15913 
245 |a Análisis sobre el control del agua dura en la planta generadora de electricidad de Moín, provincia de Limón / Gilberto Montero Estrada 
260 |c 1981  |a [San José, Costa Rica] 
300 |a iii, 48 hojas : ilustraciones (1 plegables,) ; 28 cm  
500 |a Proyecto de graduación (ingeniero civil)--Universidad de Costa Rica. Facultad de Ingeniería. Escuela de Ingeniería Civil 
650 |x AGUA DURA  |9 15914 
942 |c TFG 
999 |c 11264  |d 11264